000 01171nam a22002897a 4500
999 _c115722
_d115722
003 dpl
005 20181218171656.0
008 181218b ||||| |||| 00| 0 eng d
010 _aA-733803
020 _c150.00
_a8173151334
035 _aA-733803
035 _aB-78325
037 _bCen Lib/Ret
040 _aDPL
_bHN
_cdpl
082 _a
_bवर्मावृं
100 _aवर्मा, वृंदावनलाल
_99690
245 _aमुसाहिबजू :
_cवृंदावनलाल वर्मा
_bरामगढ़ की रानी /
246 _aMusahibjoo : raamgarh ki rani /
_bby Vrindavanlal Verma
260 _aनई दिल्ली
_bप्रभात प्रकाशन
_c1995
270 _bनई दिल्ली
_a4/19 आसफ अली रोड
_e110002
300 _a187पृ.
_c21सेमी (सजिल्द)
650 _aहिन्दी -- साहित्य
_962912
650 _aहिन्दी -- उपन्यास
_962913
650 _aHindi -- Literature
_962914
650 _aHindi -- Fiction
_927248
942 _2ddc
_cHN
_h
_mवर्मावृं